| 000 | 00552nas a2200169 a 4500 | ||
|---|---|---|---|
| 001 | 000016661 | ||
| 005 | 20200929164938.0 | ||
| 008 | 100308c19979999dr qr1p 0 0spa d | ||
| 040 |
_aDO-SdBNP _cspa |
||
| 043 | _anwdr--- | ||
| 245 | 0 | 0 | _aGestión cultural. |
| 260 |
_aSanto Domingo : _bUniversidad Autónoma de Santo Domingo (UASD), _c1997-. |
||
| 300 |
_av. : _bil. ; _c27 cm. |
||
| 310 | _aTrimestral | ||
| 362 | 0 | _aAño 1. No. 1 (jun. 1997-) | |
| 500 | _aÓrgano de difusión de la Dirección de Cultura de la Universidad Autónoma de Santo Domingo | ||
| 999 |
_c16194 _d16194 |
||